MARC

LEADER 00000nam0a2200000 4500
001 303331
005 20231102001607.0
035 |a (RuTPU)RU\TPU\book\328553 
090 |a 303331 
100 |a 20150902d1977 m y0rusy50 ca 
101 0 |a rus 
102 |a RU 
105 |a y z 000zy 
200 1 |a Беседы о научно-технической революции  |f А. С. Гусаров, В. В. Радаев 
205 |a 2-е изд., доп. 
210 |a Москва  |c Политиздат  |d 1977 
215 |a 192 с. 
520 1 |a Беседы по научно-технической революции 
606 1 |a Наука  |2 stltpush  |3 (RuTPU)RU\TPU\subj\45070  |9 64332 
606 1 |a Технический прогресс  |y СССР  |y Россия  |2 stltpush  |3 (RuTPU)RU\TPU\subj\60126  |9 77615 
610 1 |a научно-техническая революция 
610 1 |a предмет 
610 1 |a последствия 
610 1 |a современное производство 
610 1 |a взрыв информации 
610 1 |a рентабельность 
610 1 |a космос 
610 1 |a химия 
610 1 |a человек-машина 
610 1 |a квалификация 
610 1 |a эффективность 
610 1 |a природа 
610 1 |a повышение 
675 |a 62.001.7(47+57)  |v 4 
686 |a Ч21  |v LBC/SL-A  |2 rubbk 
700 1 |a Гусаров  |b А. С.  |g Анатолий Сергеевич 
701 1 |a Радаев  |b В. В.  |g Валерий Викторович 
801 1 |a RU  |b 63413507  |c 20150902 
801 2 |a RU  |b 63413507  |c 20170119  |g RCR 
942 |c BK